000 00860 a2200325 4500
001 105543
020 _a0060281715
020 _a0060281723 (lib. bdg.)
020 _a0064451968 (pbk.)
020 _a0329248863
020 _a0758769105 (BWI bdg.)
020 _a9780062382108
041 _aeng
082 _aAP IK 583
092 _a00040797
100 _aBulla, Clyde Robert.
250 _aNewly illustrated ed.
300 _a31 p.
490 _aLet's-read-and-find-out science. Stage 1
697 _aApples
697 _aTrees.
697 _aApples - Life cycles
830 _aLet's-read-and-find-out science. Stage 1
856 _u00000a/00000a0e.jpg
040 _aBR-BrIDEA
_cBR-BrIDEA
090 _aAP SK 583
_bBUL
245 1 0 _aA tree is a plant
_c Clyde Robert Bulla
260 _aNew York
_bHarperCollins
_c2001
942 _cBK
999 _c105543
_d105543